Entrepreneurship: (Record no. 36993)
[ view plain ]
| 000 -LEADER | |
|---|---|
| fixed length control field | 00910 2200181 4500 |
| 008 - FIXED-LENGTH DATA ELEMENTS--GENERAL INFORMATION | |
| fixed length control field | 100812t xxu||||| |||| 00| 0 eng d |
| 020 ## - INTERNATIONAL STANDARD BOOK NUMBER | |
| International Standard Book Number | 9780138158088 |
| 100 ## - MAIN ENTRY--PERSONAL NAME | |
| Personal name | Barringer, Bruce R. |
| 245 ## - TITLE STATEMENT | |
| Title | Entrepreneurship: |
| Remainder of title | Successfully launching new ventures |
| 250 ## - EDITION STATEMENT | |
| Edition statement | 3rd ed. |
| 260 ## - PUBLICATION, DISTRIBUTION, ETC. (IMPRINT) | |
| Name of publisher, distributor, etc | Pearson |
| Date of publication, distribution, etc | 2010 |
| Place of publication, distribution, etc | New York |
| 300 ## - PHYSICAL DESCRIPTION | |
| Extent | 608p. |
| Dimensions | 28 cm. |
| 700 ## - ADDED ENTRY--PERSONAL NAME | |
| Personal name | Ireland,Duane R. |
| 942 ## - ADDED ENTRY ELEMENTS (KOHA) | |
| Item type | Book |
| Source of classification or shelving scheme | Library of Congress Classification |
| Withdrawn status | Lost status | Source of classification or shelving scheme | Damaged status | Not for loan | Collection code | Home library | Current library | Shelving location | Date acquired | Source of acquisition | Total Checkouts | Total Renewals | Full call number | Barcode | Date last seen | Date last borrowed | Copy number | Price effective from | Koha item type |
|---|---|---|---|---|---|---|---|---|---|---|---|---|---|---|---|---|---|---|---|
| Library of Congress Classification | Non-fiction | Bishop Okullu Memorial Library (Limuru Campus) | Bishop Okullu Memorial Library (Limuru Campus) | General Circulation | 12/08/2010 | purchase | 37 | 4 | HB615.B37 2010 | 020809 | 03/02/2025 | 28/01/2025 | 1 | 12/08/2010 | Book | ||||
| Library of Congress Classification | Non-fiction | Bishop Okullu Memorial Library (Limuru Campus) | Bishop Okullu Memorial Library (Limuru Campus) | General Circulation | 30/06/2011 | Purcgase | 24 | HB615.B37 2010 | 026676 | 04/03/2024 | 21/02/2024 | 3 | 30/06/2011 | Book | |||||
| Library of Congress Classification | Non-fiction | Nairobi Campus | Nairobi Campus | General Circulation | 12/08/2010 | purchase | 49 | 1 | HB615.B37 2010 | 020810 | 24/03/2021 | 2 | 12/08/2010 | Book |